Responses for Show #4102 - Tuesday, June 4, 2002

Contestants

[<< previous game]

Julie Becker, a homemaker and artist from Seattle, Washington

Rich Hastings, a gardener from Fayetteville, Arkansas

Shari Flynn, an elementary school teacher from Mount Rainier, Maryland (whose 1-day cash winnings total $27,400)

[next game >>]

Jeopardy! Round responses

GEOGRAPHIC TERMS
BEAT IT
COUNTRY MUSIC
NAME THAT POPE
"SHOE"s
OF THE FISHERMAN
    $200 16
the equator

Julie
    $200 21
their wings

Shari
    $200 2
LeAnn Rimes

Rich
    $200 26
Linus

Rich
    $200 1
a shoehorn

Rich
    $200 11
The Andy Griffith Show

Julie
    $400 17
a volcano

Julie
    $400 22
a metronome

Rich
    $400 3
(Rich: Who is Waylon Jennings?)

Merle Haggard

Rich
Triple Stumper
    $400 27
(Shari: Who's John Paul I?)
(Rich: Who is John Paul II?)
...
(Alex: You forgot about the very first pope, [*]--not born in Italy.)

Saint Peter

ShariRich
Triple Stumper
    $400 7
(Willie) Shoemaker

Shari
    $400 12
casting

Shari
    $600 18
the pond

Rich
    $600 23
a pacemaker

Julie
    $600 4
(Rich: Who is Whitney Houston?)

Dolly Parton

Rich
Triple Stumper
    $600 28
Urban

Shari
    $600 8
the soft-shoe

Shari
    $600 13
a hook

Rich
    $800 19
a basin

Shari
    $800 24
castanets

Julie
    $800 5
Willie Nelson

Rich
    $800 29
John Paul I

Shari
    $800 9
"Shoeless" Joe Jackson

Julie
    $800 14
Field & Stream

Julie
    $1,500 20
(Shari: What's an atoll?)

an archipelago

Shari
    $1000 25
(Shari: What's arrhythmia?
(Alex: Arrhythmia? Be more specific, please.)
(Shari: Uh, cardiac arrhythmia?)
(Alex: No. Rich?)
(Rich: What's hyper arrhythmia?)

tachycardia

ShariRich
Triple Stumper
    $1000 6
Randy Travis

Triple Stumper
    $1000 30
(Rich: Who is... Paul XXII?)
...
(Alex: Yes, there has not been a Paul XXII.)

Paul VI

ShariRich
    $1000 10
the shoebill

Triple Stumper
    $1000 15
a cane pole

Rich

Scores at the first commercial break (after clue 15):

Shari Rich Julie
$1,400 $1,800 $1,800

Scores at the end of the Jeopardy! Round:

Shari Rich Julie
$1,900 $600 $3,800

Double Jeopardy! Round responses

CANADIAN HISTORY
"BOY" MOVIES
TROPICAL FRUIT
BEASTLY VERBS
REAL ROMANTICS
LET'S GET PHYSICAL!
    $400 16
Quebec Province

Shari
    $400 1
Boys Town

Rich
    $400 17
a coconut

Rich
    $400 6
to bug

Shari
    $400 24
poetry

Rich
    $400 11
the brain

Rich
    $800 18
Montreal

Rich
    $800 2
Boyz n the Hood

Triple Stumper
    $800 20
star fruit

Shari
    $800 7
to henpeck

Rich
    $800 25
(Julie: What is, um... oh. The Hunchback of Notre Dame?)

Les Misérables

RichJulie
    $800 12
the Fallopian tubes

Rich
    $1200 19
the Mounties

Shari
    $1200 3
Tommy Boy

Rich
    $1200 21
the mango

Shari
    $2,000 8
to lionize

Rich
    $1200 26
Czech Republic

Rich
    $1200 13
hypoglycemia

Rich
    $1600 29
Cartier

Julie
    $1600 4
The Fabulous Baker Boys

Rich
    $3,000 22
a papaya

Shari
    $1600 9
to crane

Triple Stumper
    $1600 27
(Felix) Mendelssohn

Shari
    $1600 14
the sebaceous glands

Rich
    $2000 30
Hudson Bay Company

Shari
    $2000 5
(Alex: You are right, and you've just broken the tie again.)

The Lost Boys

Julie
    $2000 23
breadfruit

Julie
    $2000 10
to pigeonhole

Shari
    $2000 28
(Rich: What is William?)

Friedrich

Rich
Triple Stumper
    $2000 15
(Alex: $10,600 your total, Rich. You're looking good.)

osteology

Triple Stumper

Scores at the end of the Double Jeopardy! Round:

Shari Rich Julie
$14,500 $12,200 $8,600

[wagering suggestions for these scores]

Final Jeopardy! Round responses

ORGANIZATIONS
(Alex: [Interpreting Shari's response] Women's Christian Temperance Union. Nope.)
...
(Alex: That 4-leaf clover--don't lose it. He'll be back tomorrow, and I'll bet you it'll be tucked in his pocket again.)
JulieWhat is Daughters of the American Revolution?
$1,500
RichWhat is The Salvation Army?
$12,200
ShariWhat is the WCTU
$10,000
the Salvation Army

Final scores:

Shari Rich Julie
$4,500 $24,400 $7,100
3rd place: $1,000 New champion: $24,400 2nd place: $2,000

Game dynamics:

Coryat scores:

Shari Rich Julie
$14,600 $11,400 $8,600
17 R
(including 1 DD),
3 W
(including 1 DD)
22 R
(including 1 DD),
6 W
10 R,
1 W

Combined Coryat: $34,600

[game clues] [game scores] [suggest correction]

Game tape date: 2002-02-05
The J! Archive is created by fans, for fans. Scraping, republication, monetization, and malicious use prohibited; this site may use cookies and collect identifying information. See terms. The Jeopardy! game show and all elements thereof, including but not limited to copyright and trademark thereto, are the property of Jeopardy Productions, Inc. and are protected under law. This website is not affiliated with, sponsored by, or operated by Jeopardy Productions, Inc. Join the discussion at JBoard.tv.